000 00284nam a2200121Ia 4500
005 20260328104249.0
008 260328s9999||||xx |||||||||||||| ||und||
100 _aYates, Simon
245 0 _aEnciclopedia del Mueble /
_cSimon Yates
300 _a446 p.
650 _aARTE
942 _cBK
999 _c10189
_d10189